History Quiz

Random History or Century Quiz

Overshadowed Events Quiz Stats

 Plays Quiz Updated Dec 28, 2017

Score 0/15 Timer 04:00
3 Plays Today
% Correct
Fall of Byzantine Empire
90.5%
First man to walk on the Moon
89.6%
September 11 attacks
88.5%
Assassination of Abraham Lincoln
87.5%
Death of Princess Diana
86.5%
Death of Elvis Presley
84.8%
United States declared war on Austria-Hungary in World War I
83.6%
Bombing of Hiroshima and Nagasaki
83.2%
% Correct
Pearl Harbor attack
81.4%
D-Day (Battle of Normandy)
80.6%
Great Chicago Fire
80%
Tiananmen Square protests
76.9%
Paris terrorist attack
76.7%
Death of Michael Jackson
68.9%
Death of Osama bin Laden
66.4%

You're not logged in!

Compare scores with friends on all Sporcle quizzes.
OR
Log In

You Might Also Like...

Show Comments

Extras

Top Quizzes Today


Score Distribution

Your Account Isn't Verified!

In order to create a playlist on Sporcle, you need to verify the email address you used during registration. Go to your Sporcle Settings to finish the process.

Report this User

Report this user for behavior that violates our Community Guidelines.

Details: